000 00353nam a2200145Ia 4500
008 230917s9999||||xx |||||||||||||| ||und||
040 _e88048
_aMAIN
041 _aEnglish
082 _a320.50954 N164B
100 _aIqbal Narayan
245 0 _aBharatiya rajnitik vicharak
260 _aJaipur
_bGranth Vikas
_c2001
300 _a175 p.
942 _cBK
999 _c113684
_d113684